Statistics for 60's Musical Acts A-Z

Click here to take the quiz!

General Stats

  • This quiz has been taken 118 times
  • The average score is 12 of 25

Answer Stats

SongsMusical Acts% Correct
A"Respect"Aretha Franklin
91%
R"Paint It, Black"The Rolling Stones
89%
B"Here Comes The Sun"The Beatles
88%
K"You Really Got Me"The Kinks
86%
N"These Boots Are Made For Walkin'"Nancy Sinatra
86%
J"Purple Haze"Jimi Hendrix
85%
D"Riders On The Storm"The Doors
78%
W"Baba O'Riley"The Who
72%
C"Fortunate Son"Creedence Clearwater Revival
63%
O"Stand By Me"Otis Redding
61%
M"Ain't No Mountain High Enough"Marvin Gaye
52%
Z"She's Not There"The Zombies
52%
P"A Whiter Shide Of Pale"Procol Harum
51%
Y"For Your Love"The Yardbirds
50%
I"In-A-Gadda-Da-Vida"Iron Butterfly
39%
S"Itchycoo Park"Small Faces
38%
H"No Milk Today"Herman's Hermits
33%
V"Pale Blue Eyes"The Velvet Underground
27%
G"Friend Of The Devil"Grateful Dead
22%
T"Dear Mr. Fantasy"Traffic
17%
F"Bobby Brown Goes Down"Frank Zappa
14%
E"I Had Too Much To Dream (Last Night)"The Electric Prunes
13%
L"Stoned Soul Picnic"Laura Nyro
7%
Q"Fresh Air"Quicksilver Messenger Service
5%
U"Mind Flowers"Ultimate Spinach
2%

Score Distribution

Percentile by Number Answered

Percent of People with Each Score

Your Score History

You have not taken this quiz